| 000 | 00665cab a2200253 4500 | ||
|---|---|---|---|
| 001 | ABS57849 | ||
| 008 | 090401t1997 xxu||||| |||| 00| 0 eng d | ||
| 035 | _a(Sirsi) u81630 | ||
| 041 | _aeng | ||
| 100 | _aChase, G. | ||
| 245 | 3 | _aAn option to tax your brains | |
| 260 | _c1997 | ||
| 350 | _a0 | ||
| 490 |
_aProperty Week _v61(1) 3 October 1997, 23(1) |
||
| 520 | _aDiscusses changes to the VAT `option to tax` under the Finance Act 1997. | ||
| 650 | _aFINANCE ACT 1997 | ||
| 650 | _aOPTION TO TAX | ||
| 650 | _aRACK RENTED LEASES | ||
| 650 | _aVALUE ADDED TAX | ||
| 690 | _aTAXATION | ||
| 700 | _aTaylor, P. | ||
| 942 | _n0 | ||
| 948 | _c22/10/1997 | ||
| 999 |
_c51446 _d51446 |
||